000 01344nam a2200313 i 4500
001 12731
003 ES-MaACL
005 20250808063455.0
008 900703s1988 sp bf |||| | spa j
017 _aM 23585-1988
_bOficina Depósito Legal Madrid
020 _a84-505-7784-5
040 _cES-MaACL
080 _a916.49"18"
100 1 _aPuerta Canseco, Juan de la,
_d1827-1902
_eaut
_994174
245 1 0 _aDescripción geográfica de las islas Canarias /
_cpor Juan de la Puerta Canseco ; [edición al cuidado de Carlos Gaviño de Franchy]
260 _a[Santa Cruz de Tenerife] :
_bViceconsejería de Cultura y Deportes,
_c[1988]
300 _a92 páginas, [23] hojas de láminas, [1] hoja plegada de mapa ;
_c22 cm
490 1 _aFacsímiles de literatura científica canaria
534 _pReprod. facs. de la ed. de:
_cNueva ed. corr. y aum. Santa Cruz de Tenerife : Anselmo J. Benítez, 1897
651 0 _aCanarias-
_xDescripción-
_yS.XIX
_9241649
655 7 _aFacsímiles
_2tgfbne
_9226495
700 1 _aGaviño de Franchy, Carlos
_epbl
_956085
710 1 _aCanarias.
_bViceconsejería de Cultura y Deportes
_eedt
_92427
830 0 _aFacsímiles de literatura canaria
_9179364
852 _aES-MaACL
_cDEPO2
_jL-20065
942 _cMONOGRAFIA
_n0
999 _c12731
_d12731